000 00881nam a2200265Ia 4500
003 OSt
005 20220923230942.0
006 a|||||r|||| 00| 0
007 ta
008 Pun
020 _c300
024 _a324,097
037 _b1008, 15/01/2018, H.K. Prakashan
_cTextual
040 _aARTS
_cARTS
_bPun
041 _2Pun
_aPun
082 _aO153,6x, Q6
100 _aਮਾਨ, ਸੁਰਜੀਤ, ਂਚ.
245 0 _aਸਾਹਿਰ ਤੋ੍ਵ ਸੁਰਜੀਤ ਤੱਕ
260 _aਅੰਮ੍ਰਿਤਸਰ
_b ਕੇ. ਜੀ. ਗ੍ਰਾਖ਼ਿਕਸ
_c2016
300 _a208ਪੰ
_ccm.
650 _a ਪੰਜਾਬੀ ਨਿਬੰਧ
650 _aਪੰਜਾਾਬੀ ਸਾਹਿਤ
_9156350
942 _hO153,6x, Q6
_cTEXL
_2CC
999 _c388437
_d388437